000 005290000a22001930004500
001 004912
003 MACL
005 20150818125738.0
008 150818b xxu||||| |||| 00| 0 eng d
040 _aMACL
_cMACL
041 _aEnglish
082 _a550/SHA
100 _aShady, Aly M.
_96016
245 _aManagement And Development Of Major Rivers
_bWater Resources Managemenrt Series
_cAly M. Shady
260 _aCalcutta
_c1996
_bOxford University Press,
350 _a595
650 _aScience
_96017
942 _k550
_cBK
_2ddc
999 _c16795
_d16795